Hachining Technology Machine Tools And Operations (Record no. 1393)

MARC details
000 -LEADER
fixed length control field 00278nam a22001217a 4500
041 ## - LANGUAGE CODE
Language code of text/sound track or separate title ENG
100 ## - MAIN ENTRY--PERSONAL NAME
Personal name Youssef .H.A
245 ## - TITLE STATEMENT
Title Hachining Technology Machine Tools And Operations
260 ## - PUBLICATION, DISTRIBUTION, ETC. (IMPRINT)
Place of publication, distribution, etc Delhi
Name of publisher, distributor, etc CRC Press
Date of publication, distribution, etc 1998
300 ## - PHYSICAL DESCRIPTION
Extent 631
650 ## - SUBJECT ADDED ENTRY--TOPICAL TERM
Topical term or geographic name as entry element FMP
856 ## - ELECTRONIC LOCATION AND ACCESS
Uniform Resource Identifier FMP ( 16 )
Holdings
Withdrawn status Lost status Source of classification or shelving scheme Damaged status Not for loan Home library Current library Shelving location Date acquired Cost, normal purchase price Total Checkouts Barcode Date last seen Date checked out Price effective from Koha item type
    Dewey Decimal Classification     College of Agricultural Engineering and Technology, Dapoli , Library College of Agricultural Engineering and Technology, Dapoli , Library Book Cart 22/09/2021 10223.00 1 006965 29/07/2024 26/07/2024 22/09/2021 Books

Contact Us: College of Agricultural Engineering and Technology, Dapoli, Dist.- Ratnagiri
Website: https://dbskkv.org Email: caetlibrary2015@gmail.com